[Event "AUT-chT2S 9899"]
[Site "Austria"]
[Date "1999.03.19"]
[Round "9.3"]
[White "Robatsch, Karl"]
[Black "Kaspret, Guido"]
[Result "1/2-1/2"]
[WhiteElo "2360"]
[BlackElo "2335"]
[PlyCount "106"]
[EventDate "1998.10.??"]
[EventType "team"]
[EventRounds "11"]
[EventCountry "AUT"]
[SourceTitle "EXT 2001"]
[Source "ChessBase"]
[SourceDate "2000.11.22"]
[SourceVersion "1"]
[SourceVersionDate "2000.11.22"]
[SourceQuality "1"]

1. Nf3 d5 2. d4 c6 3. c4 Nf6 4. Nc3 dxc4 5. e3 Be6 6. Ng5 Bg4 7. f3 Bc8 8. Bxc4 e6 9. 0-0 h6 10. Nge4 Nd5 11. Nf2 Nd7 12. Nd3 N5b6 13. Bb3 Be7 14. Bd2 c5 15. dxc5 Nxc5 16. Nxc5 Bxc5 17. Ne4 Be7 18. Ba5 Qxd1 19. Rfxd1 Bd7 20. Nd6+ Bxd6 21. Rxd6 Bc6 22. e4 0-0 23. Rad1 Rfc8 24. R1d4 Kf8 25. Kf2 Ke7 26. Ke3 Rc7 27. Rd2 Rd7 28. Bb4 Ke8 29. Bc3 Kf8 30. Rxd7 Bxd7 31. Bd4 Bc6 32. Rc2 Kg8 33. Bxb6 axb6 34. Rc4 Kf8 35. Rb4 b5 36. a3 Ke7 37. e5 g5 38. h4 Rg8 39. Rg4 f5 40. exf6+ Kxf6 41. f4 gxf4+ 42. Rxf4+ Ke7 43. g4 Rd8 44. Rb4 Rf8 45. Bd1 Rf1 46. Be2 Rh1 47. Bxb5 Rxh4 48. Bxc6 bxc6 49. a4 h5 50. a5 hxg4 51. a6 Rh8 52. Rxg4 Ra8 53. Ra4 Kd6 1/2-1/2

[Event "AUT-chT2S 9697"]
[Site "Austria"]
[Date "1997.??.??"]
[Round "10"]
[White "Fabisch, Christian"]
[Black "Robatsch, Karl"]
[Result "1/2-1/2"]
[WhiteElo "2370"]
[BlackElo "2135"]
[PlyCount "52"]
[EventDate "1996.??.??"]
[EventType "team"]
[EventRounds "11"]
[EventCountry "AUT"]
[SourceTitle "EXT 1999"]
[Source "ChessBase"]
[SourceDate "1998.11.16"]
[SourceVersion "1"]
[SourceVersionDate "1998.11.16"]
[SourceQuality "1"]

1. g3 c5 2. Bg2 Nc6 3. e4 Nf6 4. d3 d5 5. Nd2 dxe4 6. dxe4 Bg4 7. f3 Bd7 8. Nh3 b5 9. a4 a6 10. Nf2 e5 11. b3 Rc8 12. axb5 axb5 13. Bb2 Qc7 14. 0-0 Bd6 15. Re1 0-0 16. Nf1 c4 17. bxc4 bxc4 18. Ne3 Nd4 19. Ba3 c3 20. Nd3 Bb5 21. Bf1 Bxa3 22. Rxa3 Ra8 23. Rxa8 Rxa8 24. Kg2 g6 25. Qb1 Rb8 26. Qa2 Bxd3 1/2-1/2

[Event "AUT-chT2S 9596"]
[Site "Austria"]
[Date "1996.??.??"]
[Round "?"]
[White "Mencinger, Vojko"]
[Black "Robatsch, Karl"]
[Result "1/2-1/2"]
[WhiteElo "2385"]
[BlackElo "2395"]
[PlyCount "35"]
[EventDate "1995.??.??"]
[EventType "team-tourn"]
[EventRounds "11"]
[EventCountry "AUT"]
[SourceTitle "EXT 1999"]
[Source "ChessBase"]
[SourceDate "1998.11.16"]
[SourceVersion "1"]
[SourceVersionDate "1998.11.16"]
[SourceQuality "1"]

1. Nf3 Nf6 2. c4 e6 3. Nc3 b6 4. g3 Bb7 5. Bg2 g6 6. 0-0 Bg7 7. d4 Ne4 8. Nxe4 Bxe4 9. Bg5 Bf6 10. Qd2 Bxg5 11. Nxg5 Bxg2 12. Kxg2 0-0 13. d5 Qe7 14. Rad1 d6 15. Qe3 Re8 16. dxe6 fxe6 17. h4 Nd7 18. Ne4 1/2-1/2

[Event "AUT-chT2S 9697"]
[Site "Austria"]
[Date "1996.??.??"]
[Round "11"]
[White "Robatsch, Karl"]
[Black "Horvath, Sandor"]
[Result "1/2-1/2"]
[WhiteElo "2365"]
[BlackElo "2370"]
[PlyCount "20"]
[EventDate "1996.??.??"]
[EventType "team"]
[EventRounds "11"]
[EventCountry "AUT"]
[SourceTitle "EXT 1999"]
[Source "ChessBase"]
[SourceDate "1998.11.16"]
[SourceVersion "1"]
[SourceVersionDate "1998.11.16"]
[SourceQuality "1"]

1. d4 Nf6 2. c4 e6 3. Nf3 Bb4+ 4. Bd2 Qe7 5. g3 b6 6. Bg2 Bb7 7. 0-0 Bxd2 8. Qxd2 0-0 9. Nc3 Ne4 10. Nxe4 Bxe4 1/2-1/2

[Event "AUT-chT2S 9596"]
[Site "Austria"]
[Date "1996.??.??"]
[Round "?"]
[White "Stohl, Igor"]
[Black "Robatsch, Karl"]
[Result "1-0"]
[WhiteElo "2525"]
[BlackElo "2395"]
[PlyCount "75"]
[EventDate "1995.??.??"]
[EventType "team-tourn"]
[EventRounds "11"]
[EventCountry "AUT"]
[SourceTitle "EXT 1999"]
[Source "ChessBase"]
[SourceDate "1998.11.16"]
[SourceVersion "1"]
[SourceVersionDate "1998.11.16"]
[SourceQuality "1"]

1. d4 Nf6 2. c4 c5 3. d5 e5 4. Nc3 d6 5. e4 g6 6. Bd3 h5 7. Nge2 Bh6 8. Bxh6 Rxh6 9. Qd2 Rh8 10. 0-0-0 a6 11. Kb1 Qe7 12. Rdf1 Nbd7 13. g3 b6 14. Bc2 Bb7 15. Ba4 0-0-0 16. Nc1 h4 17. Nd3 Rh7 18. f4 hxg3 19. hxg3 Rdh8 20. Rxh7 Rxh7 21. Qe2 Kc7 22. Qf3 Ne8 23. Bxd7 Kxd7 24. fxe5 dxe5 25. b4 cxb4 26. Na4 Kc7 27. Rc1 f6 28. c5 bxc5 29. Naxc5 Kb8 30. Nxb4 Qd6 31. Qb3 Ka7 32. Ne6 Nc7 33. Nc6+ Ka8 34. Qb6 Nb5 35. Nc5 Qc7 36. Na4 Bxc6 37. Qxa6+ Qa7 38. Nb6+ 1-0

[Event "AUT-chT2S 9596"]
[Site "Austria"]
[Date "1995.??.??"]
[Round "?"]
[White "Cigan, Stefan"]
[Black "Robatsch, Karl"]
[Result "1/2-1/2"]
[WhiteElo "2370"]
[BlackElo "2395"]
[PlyCount "27"]
[EventDate "1995.??.??"]
[EventType "team-tourn"]
[EventRounds "11"]
[EventCountry "AUT"]
[SourceTitle "EXT 1999"]
[Source "ChessBase"]
[SourceDate "1998.11.16"]
[SourceVersion "1"]
[SourceVersionDate "1998.11.16"]
[SourceQuality "1"]

1. d4 Nf6 2. Nf3 e6 3. e3 d6 4. Bd3 Nbd7 5. 0-0 e5 6. e4 exd4 7. Nxd4 Nc5 8. Re1 Be7 9. c4 Nxd3 10. Qxd3 0-0 11. Nc3 Ng4 12. h3 Ne5 13. Qe2 Re8 14. Be3 1/2-1/2

[Event "AUT-chT 9495"]
[Site "Austria"]
[Date "1995.??.??"]
[Round "?"]
[White "Jansa, Vlastimil"]
[Black "Robatsch, Karl"]
[Result "1/2-1/2"]
[WhiteElo "2500"]
[BlackElo "2410"]
[PlyCount "105"]
[EventDate "1994.??.??"]
[EventType "team"]
[EventRounds "11"]
[EventCountry "AUT"]
[SourceTitle "CBM 045 Extra"]
[Source "ChessBase"]
[SourceDate "1995.05.01"]
[SourceVersion "1"]
[SourceVersionDate "1995.05.01"]
[SourceQuality "1"]

1. e4 d5 2. exd5 Nf6 3. d4 Nxd5 4. c4 Nb6 5. Nf3 g6 6. h3 Bg7 7. Nc3 0-0 8. Be3 Nc6 9. Qd2 e5 10. d5 Ne7 11. g4 f5 12. 0-0-0 e4 13. Ng5 h6 14. Ne6 Bxe6 15. dxe6 Qxd2+ 16. Rxd2 Rad8 17. Rxd8 Rxd8 18. Be2 c6 19. Kc2 Kh7 20. b3 Nbc8 21. h4 Rd6 22. h5 Rxe6 23. hxg6+ Rxg6 24. Rd1 Bxc3 25. Kxc3 fxg4 26. Rd7 Rg7 27. Kd2 Nf5 28. Rxg7+ Kxg7 29. Bxg4 Kf6 30. Bxh6 Nxh6 31. Bxc8 b6 32. Bb7 Ke5 33. Bxc6 Kd4 34. Ke2 Nf7 35. Bd5 Ne5 36. a3 a5 37. Be6 Nd3 38. Bf7 Nc1+ 39. Kd2 Nxb3+ 40. Ke2 Nc5 41. Be8 Nd3 42. a4 Ne5 43. Bb5 Nxc4 44. Bc6 Nd6 45. Bd7 Nb7 46. Bc6 Nc5 47. Kd2 e3+ 48. fxe3+ Kc4 49. Kc2 Kb4 50. e4 Kc4 51. e5 Kd4 52. Be8 Kxe5 53. Kc3 1/2-1/2

[Event "AUT-chT2S 9596"]
[Site "Austria"]
[Date "1995.??.??"]
[Round "?"]
[White "Mikac, Matjaz"]
[Black "Robatsch, Karl"]
[Result "1/2-1/2"]
[WhiteElo "2415"]
[BlackElo "2395"]
[PlyCount "84"]
[EventDate "1995.??.??"]
[EventType "team-tourn"]
[EventRounds "11"]
[EventCountry "AUT"]
[SourceTitle "EXT 1999"]
[Source "ChessBase"]
[SourceDate "1998.11.16"]
[SourceVersion "1"]
[SourceVersionDate "1998.11.16"]
[SourceQuality "1"]

1. d4 Nf6 2. Nf3 e6 3. e3 d6 4. c4 Nbd7 5. Nc3 c5 6. Be2 a6 7. 0-0 Be7 8. a3 b6 9. b4 Bb7 10. bxc5 bxc5 11. d5 exd5 12. cxd5 Qa5 13. Bd2 0-0 14. Qc2 Rfb8 15. h3 Bc8 16. e4 Ne8 17. Nd1 Qb6 18. Ne3 Qb3 19. Bd3 Qxc2 20. Bxc2 Nb6 21. Rab1 Bd7 22. Bd3 Nc7 23. Ba5 Bb5 24. Rfd1 Ne8 25. Bxb6 Rxb6 26. a4 Bxd3 27. Rxb6 Bxe4 28. Nd2 Bg6 29. Ndc4 a5 30. Rd2 Bd8 31. Rc6 Bc7 32. Rb2 Ra7 33. Na3 Kf8 34. Nb5 Rb7 35. Nc4 Bd3 36. Nxc7 Rxc7 37. Nxa5 Ra7 38. Nb7 Ke7 39. Rbb6 Rxa4 40. Nxd6 Nxd6 41. Rxd6 Bb5 42. g3 c4 1/2-1/2

[Event "Mitropa Cup 16th"]
[Site "Buekfuerdo"]
[Date "1995.??.??"]
[Round "3"]
[White "Robatsch, Karl"]
[Black "Arlandi, Ennio"]
[Result "1/2-1/2"]
[WhiteElo "2410"]
[BlackElo "2440"]
[PlyCount "80"]
[EventDate "1995.02.27"]
[EventType "team-tourn"]
[EventRounds "9"]
[EventCountry "HUN"]
[SourceTitle "CBM 046 Extra"]
[Source "ChessBase"]
[SourceDate "1995.07.01"]
[SourceVersion "1"]
[SourceVersionDate "1995.07.01"]
[SourceQuality "1"]

1. Nf3 d5 2. d4 Nf6 3. c4 c6 4. Nc3 a6 5. Qb3 e6 6. Bg5 b5 7. cxd5 cxd5 8. Ne5 Be7 9. e3 0-0 10. Bd3 Bb7 11. 0-0 Nbd7 12. Nxd7 Nxd7 13. Bxe7 Qxe7 14. a4 b4 15. Na2 a5 16. Rfc1 Rfc8 17. Rxc8+ Rxc8 18. Rc1 Qd8 19. Qd1 Nb6 20. b3 h6 21. Rc2 Rc7 22. Bb5 Qc8 23. Rxc7 Qxc7 24. Qc1 Qxc1+ 25. Nxc1 Kf8 26. Nd3 Ke7 27. Nc5 Bc8 28. f3 Kd6 29. Kf2 Na8 30. f4 Nc7 31. Be2 Ne8 32. g4 f6 33. h4 e5 34. Nd3 exd4 35. exd4 Ba6 36. Nc5 Bxe2 37. Kxe2 g5 38. Kf3 Ke7 39. hxg5 hxg5 40. Ke3 Nd6 1/2-1/2

[Event "AUT-chT2S 9596"]
[Site "Austria"]
[Date "1995.??.??"]
[Round "?"]
[White "Robatsch, Karl"]
[Black "Groszpeter, Attila"]
[Result "0-1"]
[WhiteElo "2395"]
[BlackElo "2555"]
[PlyCount "80"]
[EventDate "1995.??.??"]
[EventType "team-tourn"]
[EventRounds "11"]
[EventCountry "AUT"]
[SourceTitle "EXT 1999"]
[Source "ChessBase"]
[SourceDate "1998.11.16"]
[SourceVersion "1"]
[SourceVersionDate "1998.11.16"]
[SourceQuality "1"]

1. Nf3 Nf6 2. c4 g6 3. Nc3 Bg7 4. e4 d6 5. d4 0-0 6. Be3 e5 7. dxe5 dxe5 8. Qc2 Nbd7 9. Rd1 Re8 10. c5 c6 11. b4 Qe7 12. Bc4 Nf8 13. Ng5 Be6 14. Nxe6 Nxe6 15. Bxe6 Qxe6 16. Qe2 Nh5 17. Rd6 Qc8 18. 0-0 Nf4 19. Qf3 Ne6 20. Rfd1 Nd4 21. Qh3 Qxh3 22. gxh3 a5 23. b5 cxb5 24. Rb6 b4 25. Nb5 Rec8 26. Nxd4 exd4 27. Bxd4 Bxd4 28. Rxd4 Rxc5 29. Rxb7 Rc2 30. Rdd7 Rf8 31. Ra7 Rxa2 32. Rdb7 Ra3 33. e5 b3 34. e6 a4 35. Rb4 Ra2 36. e7 Re8 37. Raxa4 Rxe7 38. Rb8+ Kg7 39. Rab4 Ree2 40. Rxb3 Rxf2 0-1

[Event "AUT-chT2S 9596"]
[Site "Austria"]
[Date "1995.??.??"]
[Round "?"]
[White "Robatsch, Karl"]
[Black "Hresc, Vladimir"]
[Result "0-1"]
[WhiteElo "2395"]
[BlackElo "2445"]
[PlyCount "70"]
[EventDate "1995.??.??"]
[EventType "team-tourn"]
[EventRounds "11"]
[EventCountry "AUT"]
[SourceTitle "EXT 1999"]
[Source "ChessBase"]
[SourceDate "1998.11.16"]
[SourceVersion "1"]
[SourceVersionDate "1998.11.16"]
[SourceQuality "1"]

1. Nf3 Nf6 2. c4 g6 3. Nc3 Bg7 4. e4 c5 5. Be2 Nc6 6. 0-0 0-0 7. d3 d6 8. Rb1 a6 9. a3 Bg4 10. Nd2 Bxe2 11. Nxe2 e6 12. b4 cxb4 13. axb4 d5 14. exd5 exd5 15. Nf3 Qe7 16. c5 Nh5 17. Nf4 Nxf4 18. Bxf4 Rfe8 19. Qb3 Qf6 20. Bc7 Qf5 21. b5 axb5 22. Qxb5 Ra7 23. Rfe1 Rc8 24. Bd6 h5 25. Re3 Rca8 26. h3 g5 27. Rbe1 g4 28. Re8+ Rxe8 29. Rxe8+ Kh7 30. hxg4 hxg4 31. Ne1 Ra1 32. Qxb7 Be5 33. Bxe5 Rxe1+ 34. Kh2 Nxe5 35. Qb4 Qxf2 0-1

[Event "AUT-chT2S 9596"]
[Site "Austria"]
[Date "1995.??.??"]
[Round "?"]
[White "Robatsch, Karl"]
[Black "Zupe, Miran"]
[Result "1/2-1/2"]
[WhiteElo "2395"]
[BlackElo "2420"]
[PlyCount "32"]
[EventDate "1995.??.??"]
[EventType "team-tourn"]
[EventRounds "11"]
[EventCountry "AUT"]
[SourceTitle "EXT 1999"]
[Source "ChessBase"]
[SourceDate "1998.11.16"]
[SourceVersion "1"]
[SourceVersionDate "1998.11.16"]
[SourceQuality "1"]

1. Nf3 d5 2. d4 c6 3. c4 Nf6 4. cxd5 cxd5 5. Nc3 Nc6 6. Bf4 e6 7. e3 Bd6 8. Bxd6 Qxd6 9. Bb5 Bd7 10. 0-0 0-0 11. Bxc6 Bxc6 12. Ne5 Nd7 13. Nd3 a5 14. Qb3 Rfc8 15. Rfc1 a4 16. Qd1 h6 1/2-1/2

[Event "Ptuj zt"]
[Site "Ptuj"]
[Date "1995.??.??"]
[Round "9"]
[White "Sermek, Drazen"]
[Black "Robatsch, Karl"]
[Result "1-0"]
[WhiteElo "2515"]
[BlackElo "2410"]
[PlyCount "83"]
[EventDate "1995.04.??"]
[EventType "tourn"]
[EventRounds "15"]
[EventCountry "SLO"]
[EventCategory "10"]
[SourceTitle "CBM 047"]
[Source "ChessBase"]
[SourceDate "1995.08.01"]
[SourceVersion "1"]
[SourceVersionDate "1995.08.01"]
[SourceQuality "1"]

1. e4 c5 2. c3 Nf6 3. e5 Nd5 4. Nf3 e6 5. d4 cxd4 6. cxd4 d6 7. a3 dxe5 8. dxe5 Bd7 9. Bd3 Na6 10. 0-0 Nc5 11. Bc2 Bb5 12. Re1 Nc7 13. Nc3 Bc4 14. Nd4 a6 15. Be3 Nd5 16. Nxd5 Bxd5 17. Qg4 Nd7 18. Qg3 g6 19. Rad1 Qc7 20. Bb1 Bg7 21. Bf4 Nb6 22. a4 0-0 23. b3 Rac8 24. a5 Na8 25. Bd2 Qc5 26. Nc2 Rfd8 27. Nb4 Nc7 28. h4 Nb5 29. Nxd5 Rxd5 30. Rc1 Qf8 31. Rxc8 Qxc8 32. Bb4 Qc7 33. Be4 Bxe5 34. Qe3 Bd4 35. Qf3 Rd7 36. h5 Nc3 37. hxg6 hxg6 38. Bxg6 fxg6 39. Rxe6 Rf7 40. Re8+ Kg7 41. Bf8+ Kg8 42. Bc5+ 1-0

[Event "AUT-ch"]
[Site "Voitsberg"]
[Date "1995.??.??"]
[Round "10"]
[White "Sommerbauer, Norbert"]
[Black "Robatsch, Karl"]
[Result "1/2-1/2"]
[WhiteElo "2385"]
[BlackElo "2395"]
[PlyCount "40"]
[EventDate "1995.??.??"]
[EventType "tourn"]
[EventRounds "15"]
[EventCountry "AUT"]
[EventCategory "5"]
[SourceTitle "CBM 049 Extra"]
[Source "ChessBase"]
[SourceDate "1996.01.01"]
[SourceVersion "1"]
[SourceVersionDate "1996.01.01"]
[SourceQuality "1"]

1. Nf3 Nf6 2. c4 e6 3. g3 b6 4. Bg2 Bb7 5. 0-0 g6 6. Nc3 Bg7 7. Re1 d5 8. d4 0-0 9. cxd5 exd5 10. Bf4 Na6 11. Rc1 Ne4 12. Qa4 c5 13. Red1 Qe7 14. Nxd5 Bxd5 15. Qxa6 cxd4 16. Qb5 Bxa2 17. Nxd4 Rad8 18. Nc6 Rxd1+ 19. Rxd1 Qe6 20. Nxa7 Bb3 1/2-1/2

[Event "AUT-ch"]
[Site "Voitsberg"]
[Date "1995.??.??"]
[Round "6"]
[White "Wittmann, Walter"]
[Black "Robatsch, Karl"]
[Result "1/2-1/2"]
[WhiteElo "2380"]
[BlackElo "2395"]
[PlyCount "27"]
[EventDate "1995.??.??"]
[EventType "tourn"]
[EventRounds "15"]
[EventCountry "AUT"]
[EventCategory "5"]
[SourceTitle "CBM 049 Extra"]
[Source "ChessBase"]
[SourceDate "1996.01.01"]
[SourceVersion "1"]
[SourceVersionDate "1996.01.01"]
[SourceQuality "1"]

1. e4 e5 2. Nf3 Nc6 3. Bb5 a6 4. Ba4 Nf6 5. 0-0 Be7 6. Re1 b5 7. Bb3 d6 8. c3 0-0 9. h3 Nb8 10. d4 Nbd7 11. Nbd2 Bb7 12. Bc2 Re8 13. Nf1 Bf8 14. Ng3 1/2-1/2

[Event "Olympiad-31"]
[Site "Moscow"]
[Date "1994.12.10"]
[Round "9.1"]
[White "Campora, Daniel Hugo"]
[Black "Robatsch, Karl"]
[Result "1-0"]
[WhiteElo "2560"]
[BlackElo "2410"]
[PlyCount "36"]
[EventDate "1994.12.01"]
[EventType "team-swiss"]
[EventRounds "14"]
[EventCountry "RUS"]
[SourceTitle "CBM 045"]
[Source "ChessBase"]
[SourceDate "1995.04.01"]
[SourceVersion "1"]
[SourceVersionDate "1995.04.01"]
[SourceQuality "1"]
[WhiteTeam "Argentina"]
[BlackTeam "Austria"]
[WhiteTeamCountry "ARG"]
[BlackTeamCountry "AUT"]

1. e4 c5 2. Nf3 d6 3. d4 cxd4 4. Nxd4 Nf6 5. Nc3 Nc6 6. Bg5 Bd7 7. Qd2 Rc8 8. Nb3 h6 9. Bxf6 gxf6 10. f3 f5 11. Bd3 fxe4 12. Nxe4 Bg7 13. 0-0 Bxb2 14. Rae1 Qb6+ 15. Kh1 Ne5 16. Bb5 Bxb5 17. c4 Bxc4 18. Qxb2 Rg8 1-0

[Event "Olympiad-31"]
[Site "Moscow"]
[Date "1994.12.04"]
[Round "4.2"]
[White "Riego Prieto, Victorio"]
[Black "Robatsch, Karl"]
[Result "0-1"]
[WhiteElo "2205"]
[BlackElo "2410"]
[PlyCount "70"]
[EventDate "1994.12.01"]
[EventType "team-swiss"]
[EventRounds "14"]
[EventCountry "RUS"]
[SourceTitle "CBM 045"]
[Source "ChessBase"]
[SourceDate "1995.04.01"]
[SourceVersion "1"]
[SourceVersionDate "1995.04.01"]
[SourceQuality "1"]
[WhiteTeam "Paraguay"]
[BlackTeam "Austria"]
[WhiteTeamCountry "PAR"]
[BlackTeamCountry "AUT"]

1. e4 c5 2. Nf3 d6 3. d4 cxd4 4. Nxd4 Nf6 5. Nc3 Nc6 6. Be2 g6 7. Be3 Bg7 8. Qd2 0-0 9. 0-0-0 Nxd4 10. Bxd4 Be6 11. Kb1 Qc7 12. h4 h5 13. f3 Rfc8 14. Rdg1 Qa5 15. a3 b5 16. Rd1 b4 17. axb4 Qxb4 18. Nd5 Qa4 19. c4 Bxd5 20. exd5 Rab8 21. Rhe1 Nd7 22. Bxg7 Kxg7 23. Qc2 Qa5 24. Rc1 Rb4 25. Bf1 Nc5 26. Re3 Rcb8 27. Qc3+ Kg8 28. Re2 Na4 29. Qa3 Rb3 30. Qa2 Qb4 31. Ka1 Nxb2 32. Rb1 Ra3 33. Rbxb2 Rxa2+ 34. Kxa2 Qa4+ 35. Kb1 Qd1+ 0-1

[Event "Olympiad-31"]
[Site "Moscow"]
[Date "1994.12.03"]
[Round "3.3"]
[White "Donguines, Fernie"]
[Black "Robatsch, Karl"]
[Result "1-0"]
[WhiteElo "2380"]
[BlackElo "2410"]
[PlyCount "96"]
[EventDate "1994.12.01"]
[EventType "team-swiss"]
[EventRounds "14"]
[EventCountry "RUS"]
[SourceTitle "CBM 045"]
[Source "ChessBase"]
[SourceDate "1995.04.01"]
[SourceVersion "1"]
[SourceVersionDate "1995.04.01"]
[SourceQuality "1"]
[WhiteTeam "Philippines"]
[BlackTeam "Austria"]
[WhiteTeamCountry "PHI"]
[BlackTeamCountry "AUT"]

1. e4 d5 2. exd5 Nf6 3. c4 c6 4. d4 cxd5 5. Nc3 e6 6. Nf3 Bb4 7. Bd3 dxc4 8. Bxc4 Qc7 9. Qd3 0-0 10. 0-0 Nc6 11. Bg5 Be7 12. a3 Rd8 13. Rad1 Ng4 14. Nb5 Qb8 15. Bxe7 Nxe7 16. h3 Nf6 17. Rfe1 a6 18. Nc3 b5 19. Ba2 Bb7 20. Ne5 Ned5 21. Nxd5 Bxd5 22. Bb1 g6 23. Qg3 Nd7 24. Rc1 Nxe5 25. dxe5 Qb7 26. h4 Rac8 27. Qg5 Qd7 28. Rcd1 Rc7 29. Be4 Qe7 30. Qxe7 Rxe7 31. Rd2 Red7 32. Red1 f5 33. exf6 Kf7 34. f3 Kxf6 35. Kf2 Rc8 36. Ke3 Re7 37. Bxd5 exd5+ 38. Kf4 Rc4+ 39. Kg3 b4 40. Rxd5 bxa3 41. bxa3 Ra4 42. R1d3 Re5 43. Rd6+ Kf5 44. Rd7 h5 45. R3d6 Re6 46. Rf7+ Ke5 47. Rd3 Rc4 48. Rfd7 Kf5 1-0

[Event "AUT-chT"]
[Site "Austria"]
[Date "1994.??.??"]
[Round "?"]
[White "Robatsch, Karl"]
[Black "Horvath, Jozsef"]
[Result "0-1"]
[WhiteElo "2410"]
[BlackElo "2545"]
[PlyCount "68"]
[EventDate "1994.??.??"]
[EventType "team"]
[EventRounds "11"]
[EventCountry "AUT"]
[SourceTitle "TD"]
[Source "ChessBase"]
[SourceDate "1994.03.01"]
[SourceVersion "1"]
[SourceVersionDate "1994.03.01"]
[SourceQuality "1"]

1. Nf3 Nf6 2. c4 c5 3. Nc3 Nc6 4. d4 cxd4 5. Nxd4 Qb6 6. Nb3 e6 7. Bg5 Be7 8. e4 0-0 9. Qd2 h6 10. Be3 Qd8 11. Bc5 Bxc5 12. Nxc5 Qe7 13. Nd3 d5 14. e5 Ne4 15. Qc1 dxc4 16. Nxe4 cxd3 17. Qc5 d2+ 18. Kxd2 Rd8+ 19. Ke3 Qxc5+ 20. Nxc5 Rd5 21. Rc1 Rxe5+ 22. Kf4 b6 23. Nd3 Rf5+ 24. Ke3 Bb7 25. f3 Rd8 26. Be2 Ra5 27. a3 Nd4 28. Rhd1 Nxe2 29. Kxe2 Ba6 30. Ke3 Rad5 31. Nf2 Rxd1 32. Rxd1 Rxd1 33. Nxd1 Kf8 34. Kd4 Ke7 0-1

[Event "AUT-chT"]
[Site "Austria"]
[Date "1994.??.??"]
[Round "?"]
[White "Stohl, Igor"]
[Black "Robatsch, Karl"]
[Result "1-0"]
[WhiteElo "2545"]
[BlackElo "2410"]
[PlyCount "72"]
[EventDate "1994.??.??"]
[EventType "team"]
[EventRounds "11"]
[EventCountry "AUT"]
[SourceTitle "TD"]
[Source "ChessBase"]
[SourceDate "1994.03.01"]
[SourceVersion "1"]
[SourceVersionDate "1994.03.01"]
[SourceQuality "1"]

1. d4 Nf6 2. c4 e6 3. Nc3 Bb4 4. Qc2 c5 5. dxc5 Na6 6. a3 Qa5 7. Bd2 Nxc5 8. b3 d6 9. Ra2 Bxc3 10. Bxc3 Qb6 11. Bxf6 gxf6 12. b4 Nd7 13. Nf3 a5 14. b5 a4 15. e3 Qa5+ 16. Nd2 b6 17. Be2 Bb7 18. 0-0 Rc8 19. Rb2 Qa8 20. f3 Ke7 21. Rb4 Nc5 22. Nb1 Qa7 23. Nc3 Ra8 24. e4 Rhg8 25. Rd1 Qb8 26. Qd2 Qc7 27. Qe3 Ra7 28. Rb2 Rd8 29. Rb4 Rda8 30. Bd3 Nd7 31. Kh1 Qc5 32. Qd2 Qd4 33. Qb2 Qe3 34. Qc2 Nc5 35. Qb1 Rg8 36. Bf1 Rg6 1-0